[Event "Summer's opening"]
[Site "SchemingMind.com"]
[Date "2008.06.03"]
[Round "-"]
[White "andy146"]
[Black "calidore"]
[Result "0-1"]
[WhiteCountry "POL"]
[BlackCountry "ISR"]
[WhiteElo "1622"]
[WhiteRD "62"]
[BlackElo "1899"]
[BlackRD "53"]
[GameID "157660"]

1. d4 Nf6 2. c4 e6 3. Nc3 Bb4 4. Qc2 c5 5. e3 Nc6 6. Nf3 O-O 7. Bd3 b6 8. O-O Bb7 9. a3 Bxc3 10. Qxc3 Rc8
11. Rd1 cxd4 12. exd4 d5 13. Be3 dxc4 14. Qxc4 Ne5 15. Qb3 Nxf3+ 16. gxf3 Bxf3 17. Rdc1 Rxc1+ 18. Rxc1 Nd5 19. Qc4 Nxe3 20. fxe3 Qg5+
21. Kf2 Qg2+ 22. Ke1 Qxh2 23. Qc8 Qg1+ 24. Kd2 Qf2+
0-1

[Event "Summer's opening"]
[Site "SchemingMind.com"]
[Date "2008.06.08"]
[Round "-"]
[White "calidore"]
[Black "andy146"]
[Result "1-0"]
[WhiteCountry "ISR"]
[BlackCountry "POL"]
[WhiteElo "1899"]
[WhiteRD "53"]
[BlackElo "1622"]
[BlackRD "62"]
[GameID "157661"]

1. e4 e6 2. d4 d5 3. e5 c5 4. c3 Nc6 5. Nf3 Qb6 6. Bd3 cxd4 7. cxd4 Bd7 8. O-O Nge7 9. Nc3 Nf5 10. Na4 Qc7
11. Be3 Bb4 12. Rc1 Qa5 13. a3 Be7 14. b4 Qd8 15. Nc5 b6 16. Nxd7 Qxd7 17. Bb5 O-O 18. Bxc6
1-0

[Event "Summer's opening"]
[Site "SchemingMind.com"]
[Date "2008.06.07"]
[Round "-"]
[White "capablanca"]
[Black "calidore"]
[Result "0-1"]
[WhiteCountry "GER"]
[BlackCountry "ISR"]
[WhiteElo "1789"]
[WhiteRD "61"]
[BlackElo "1899"]
[BlackRD "53"]
[GameID "158321"]

1. e4 Nf6 2. Nc3 d5 3. exd5 Nxd5 4. d4 Nxc3 5. bxc3 Nc6 6. Nf3 Bg4 7. Be2 e6 8. Bf4 Bd6 9. Bxd6 cxd6 10. Rb1 Qc7
11. Ng5 Bxe2 12. Qxe2 h6 13. Ne4 O-O 14. O-O d5 15. Nc5 b6 16. Nd3 Na5 17. Qd2 Rac8 18. f4 Qxc3 19. Qxc3 Rxc3 20. Nb4 Rfc8
21. f5 Nc6 22. fxe6 fxe6 23. Rf4 Nxb4 24. Rxb4 Rxc2 25. Ra4 R8c7 26. Rf3 R2c4 27. Rfa3 Rxa4 28. Rxa4 a5 29. Kf2 Rc4
0-1

[Event "Summer's opening"]
[Site "SchemingMind.com"]
[Date "2008.06.12"]
[Round "-"]
[White "calidore"]
[Black "capablanca"]
[Result "0-1"]
[WhiteCountry "ISR"]
[BlackCountry "GER"]
[WhiteElo "1899"]
[WhiteRD "53"]
[BlackElo "1789"]
[BlackRD "61"]
[GameID "158323"]

1. e4 d5 2. exd5 Qxd5 3. Nc3 Qa5 4. d4 Bf5 5. Nf3 c6 6. Bc4 Nf6 7. Bd2 e6 8. Nd5 Qd8 9. Nxf6+ Qxf6 10. c3 Bg4
11. Be2 Nd7 12. O-O Bd6 13. h3 Bh5 14. Re1 Bg6 15. Qb3 Rb8 16. Rad1 O-O 17. Bg5 Qf5 18. Bd3 Qa5 19. Bxg6 hxg6 20. Bd2 Qc7
21. Qc2 Nf6 22. Bg5 Nd5 23. Qe4 Bf4 24. Bxf4 Qxf4 25. Qxf4 Nxf4 26. Ne5 Rfd8 27. Re4 Nd5 28. g3 Nf6 29. Ree1 Nd7 30. f4 Nxe5
31. dxe5 Kf8 32. Kf2 Ke7 33. Ke3 Rxd1 34. Rxd1 Rh8 35. h4 f6 36. Ke4 Rd8 37. Rxd8 Kxd8 38. g4 f5+ 39. Kf3 Kd7 40. b4 b6
41. c4 a5 42. a3 c5 43. bxc5 bxc5 44. h5 fxg4+ 45. Kxg4 gxh5+ 46. Kxh5 Ke7 47. Kg6 Kf8 48. f5 exf5 49. Kxf5 Ke7 50. e6 a4
51. Ke5 g6 52. Kd5 g5 53. Kxc5 Kxe6 54. Kb6 g4 55. c5 g3 56. c6 g2 57. Kb7 g1=Q 58. c7 Qc5 59. c8=Q+ Qxc8+ 60. Kxc8 Kd5
61. Kc7 Kc4 62. Kc6 Kb3 63. Kc5 Kxa3 64. Kc4 Kb2
0-1

[Event "Summer's opening"]
[Site "SchemingMind.com"]
[Date "2008.06.09"]
[Round "-"]
[White "andy146"]
[Black "capablanca"]
[Result "0-1"]
[WhiteCountry "POL"]
[BlackCountry "GER"]
[WhiteElo "1622"]
[WhiteRD "62"]
[BlackElo "1789"]
[BlackRD "61"]
[GameID "158324"]

1. d4 d5 2. Nf3 Nf6 3. c4 c6 4. Nc3 dxc4 5. a4 e6 6. Ne5 Bb4 7. Bg5 Nbd7 8. Nxc4 Qc7 9. e3 b6 10. Bd3 c5
11. Bf4 Qc6 12. Nd6+ Kf8 13. Nxc8 Rxc8 14. O-O Bxc3 15. bxc3 Nd5 16. Qc2 Nxf4 17. exf4 cxd4 18. c4 Nc5 19. Be2 Ke7 20. Bf3 Qd6
21. a5 Qxf4 22. axb6 axb6 23. Ra7+ Rc7 24. Rfa1 Rc8 25. g3 Qxf3
0-1

[Event "Summer's opening"]
[Site "SchemingMind.com"]
[Date "2008.06.10"]
[Round "-"]
[White "Andreas Flato"]
[Black "capablanca"]
[Result "1/2-1/2"]
[WhiteCountry "GER"]
[BlackCountry "GER"]
[WhiteElo "1847"]
[WhiteRD "66"]
[BlackElo "1789"]
[BlackRD "61"]
[GameID "158822"]

1. e4 d5 2. exd5 Qxd5 3. Nc3 Qa5 4. Nf3 Nf6 5. Bc4 Bf5 6. O-O e6 7. a3 c6 8. d3 Nbd7 9. Bf4 Be7 10. Re1 O-O
11. h3 b5 12. b4 Qd8 13. Bb3 a5 14. Ne4 axb4 15. axb4 Bxb4 16. Re2 Qb6 17. Bd6 Bxd6 18. Nxd6 Bg6 19. Ne4 Nxe4 20. dxe4 Rxa1
21. Qxa1 Nc5 22. e5 Rd8 23. Rd2 h6 24. Rxd8+ Qxd8 25. Nd4 Nxb3 26. cxb3 Qe8 27. Qc3 Be4 28. f3 Bd5 29. Qc5 Qa8 30. b4=
1/2-1/2

[Event "Summer's opening"]
[Site "SchemingMind.com"]
[Date "2008.06.10"]
[Round "-"]
[White "Andreas Flato"]
[Black "calidore"]
[Result "1-0"]
[WhiteCountry "GER"]
[BlackCountry "ISR"]
[WhiteElo "1847"]
[WhiteRD "66"]
[BlackElo "1899"]
[BlackRD "53"]
[GameID "158823"]

1. e4 Nf6 2. Nc3 d5 3. exd5 Nxd5 4. Nxd5 Qxd5 5. Nf3 Bf5 6. d3 e5 7. Be2 Bc5 8. O-O O-O 9. Nh4 Be6 10. Bf3 Qd4
11. Bxb7 Qxh4 12. Bxa8 c6 13. Be3 Bd6 14. Bxa7 e4 15. g3 Qh3 16. dxe4 Bg4 17. Qd3 Nd7 18. f4 Rxa8 19. Qxd6 Rxa7 20. Qxc6 h5
21. e5 h4 22. Qg2 Qxg2+ 23. Kxg2 h3+ 24. Kg1 Rb7 25. b3 Nc5 26. Rfe1 Bf3 27. Re3 Bg2 28. Re2 Bf3 29. Rf2 Bc6 30. a4 Ne4
31. Re2 Nc3 32. Re3 Nd5 33. Rd3 Rc7 34. c4 Nb4 35. Rd2 Be4= 36. Re1 Bf5 37. Re3 Nc2 38. Rc3 Ne1 39. Kf2 Ng2 40. a5 Be6
41. Rd6 Rc5 42. b4 Rxc4 43. Rxc4 Bxc4 44. a6
1-0

[Event "Summer's opening"]
[Site "SchemingMind.com"]
[Date "2008.06.11"]
[Round "-"]
[White "Andreas Flato"]
[Black "andy146"]
[Result "1-0"]
[WhiteCountry "GER"]
[BlackCountry "POL"]
[WhiteElo "1847"]
[WhiteRD "66"]
[BlackElo "1622"]
[BlackRD "62"]
[GameID "158824"]

1. e4 e6 2. Nc3 Bb4 3. Nge2 Ne7 4. a3 Bxc3 5. Nxc3 b6 6. Be2 Bb7 7. O-O O-O 8. d4 c5 9. d5 exd5 10. exd5 Qc7
11. d6 Qc6 12. Bf3
1-0

[Event "Summer's opening"]
[Site "SchemingMind.com"]
[Date "2008.06.10"]
[Round "-"]
[White "capablanca"]
[Black "Andreas Flato"]
[Result "1-0"]
[WhiteCountry "GER"]
[BlackCountry "GER"]
[WhiteElo "1789"]
[WhiteRD "61"]
[BlackElo "1847"]
[BlackRD "66"]
[GameID "158825"]

1. e4 e6 2. d4 d5 3. Nc3 Bb4 4. e5 c5 5. a3 Bxc3+ 6. bxc3 cxd4 7. cxd4 Ne7 8. c3 O-O 9. a4 Qa5 10. Qb3 a6
11. Ba3 Nbc6 12. Nf3 h6 13. Bd3 f5 14. O-O g6 15. Bc5 Qd8 16. Bb6 Qd7 17. a5 Kg7 18. c4 dxc4 19. Bxc4 Nd5 20. Bc5 Re8
21. Bd6 Nc7 22. Rfd1 Qf7 23. Ne1 Nd5 24. Bxd5 exd5 25. Nc2 Qe6 26. Ne3 Rd8 27. Qxd5 Qxd5 28. Nxd5 Be6 29. Nc7
1-0

[Event "Summer's opening"]
[Site "SchemingMind.com"]
[Date "2008.06.15"]
[Round "-"]
[White "calidore"]
[Black "Andreas Flato"]
[Result "1/2-1/2"]
[WhiteCountry "ISR"]
[BlackCountry "GER"]
[WhiteElo "1899"]
[WhiteRD "53"]
[BlackElo "1847"]
[BlackRD "66"]
[GameID "158826"]

1. e4 e6 2. d4 d5 3. e5 c5 4. c3 Qb6 5. Nf3 Nc6 6. Bd3 cxd4 7. cxd4 Bd7 8. O-O Nxd4 9. Nxd4 Qxd4 10. Nc3 a6
11. Re1 Qh4 12. g3 Qd8 13. Qg4 h5 14. Qf3 Bc5 15. Be3 d4 16. Ne4 Bc6 17. Bd2 Be7 18. Qe2 Qd5 19. f3 Nh6 20. Bc4 Qd8
21. Rad1 Qb6 22. b3 O-O-O 23. a4 a5 24. Kg2 Bd5 25. Rc1 Kb8 26. Bxd5 Rxd5 27. Bxh6 Rxh6 28. Nd2 d3 29. Qe4 Rd4 30. Nc4 Rxe4
31. Nxb6 Rxe1 32. Rxe1 Bb4 33. Rd1 Kc7 34. Nc4 d2 35. Nxd2 Bxd2=
1/2-1/2

[Event "Summer's opening"]
[Site "SchemingMind.com"]
[Date "2008.06.11"]
[Round "-"]
[White "andy146"]
[Black "Andreas Flato"]
[Result "1-0"]
[WhiteCountry "POL"]
[BlackCountry "GER"]
[WhiteElo "1645"]
[WhiteRD "65"]
[BlackElo "1779"]
[BlackRD "62"]
[GameID "158827"]

1. d4 e6 2. c4 Nf6 3. Nf3 Bb4+ 4. Bd2 Bxd2+ 5. Nbxd2 O-O 6. g3 b6 7. Bg2 Bb7 8. O-O Nc6 9. e3 h6 10. Qc2 a5
11. Rfd1 d6 12. Rab1 Nb4 13. Qb3 c5 14. a3 Na6 15. Rbc1 Bc6 16. Nb1 Qc7 17. Nc3 Nb8 18. d5 exd5 19. Nxd5 Nxd5 20. cxd5 Bd7
21. h4 b5 22. Qc3 Na6 23. Nd2 Rac8 24. Ne4 Qb6 25. Kh1 b4 26. Qb3 a4 27. Qc2 f5 28. Nd2 b3 29. Qc3 Bb5 30. Nc4 Qc7
31. Qa5 Rfd8 32. Qd2 Nb8 33. e4 Qf7 34. Qf4 Qf6 35. Qxf5 Qxf5 36. exf5 Kf7 37. Re1 Rc7 38. Re6 Rcd7 39. Bf1 Kf8 40. Rce1 Na6
41. Nxd6 Bxf1 42. Re8+
1-0

[Event "Summer's opening"]
[Site "SchemingMind.com"]
[Date "2008.06.11"]
[Round "-"]
[White "Vaidotas"]
[Black "capablanca"]
[Result "1/2-1/2"]
[WhiteCountry "LTU"]
[BlackCountry "GER"]
[WhiteElo "1851"]
[WhiteRD "67"]
[BlackElo "1715"]
[BlackRD "53"]
[GameID "158865"]

1. e4 d5 2. exd5 Qxd5 3. Nc3 Qa5 4. Nf3 Nf6 5. Be2 Bf5 6. d3 c6 7. O-O e6 8. Bd2 Nbd7 9. Nh4 Bg6 10. Bf3 Be7
11. Nd5 Qd8 12. Nxe7 Qxe7 13. a4 Nd5 14. Nxg6 hxg6 15. Qe2 O-O-O 16. d4 Rxh2 17. g3 Rdh8 18. c4 N5f6 19. Bg5 Qd6 20. Rfd1 Ng4
21. Bxg4 Rh1+ 22. Kg2 R8h2+ 23. Kf3 Rxd1 24. Rxd1 f5 25. Bxf5 gxf5 26. Bf4 Qe7 27. Re1 g5 28. Be5 Qh7 29. Ke3 Nxe5 30. dxe5 Qg7
31. Kd3 Qd7+ 32. Kc3 c5 33. Rd1 Qxa4 34. Rd2 Rh1 35. Rc2 Qb4+ 36. Kd3 Qb3+ 37. Kd2 Qb4+ 38. Kd3 Re1 39. Qh5 Qb3+ 40. Kd2 Qb4+
41. Kd3 Qb3+=
1/2-1/2

[Event "Summer's opening"]
[Site "SchemingMind.com"]
[Date "2008.06.15"]
[Round "-"]
[White "Vaidotas"]
[Black "calidore"]
[Result "1/2-1/2"]
[WhiteCountry "LTU"]
[BlackCountry "ISR"]
[WhiteElo "1904"]
[WhiteRD "67"]
[BlackElo "1899"]
[BlackRD "53"]
[GameID "158866"]

1. e4 Nf6 2. Nc3 d5 3. exd5 Nxd5 4. Nf3 Nxc3 5. bxc3 Bg4 6. Be2 e6 7. h3 Bh5 8. d4 Be7 9. Bf4 O-O 10. Ne5 Bxe2
11. Qxe2 Nd7 12. O-O Nxe5 13. Bxe5 Bd6=
1/2-1/2

[Event "Summer's opening"]
[Site "SchemingMind.com"]
[Date "2008.06.11"]
[Round "-"]
[White "Vaidotas"]
[Black "andy146"]
[Result "0-1"]
[WhiteCountry "LTU"]
[BlackCountry "POL"]
[WhiteElo "1699"]
[WhiteRD "69"]
[BlackElo "1642"]
[BlackRD "67"]
[GameID "158867"]

1. e4 e6 2. d4 d5 3. Nd2 Nf6 4. e5 Nfd7 5. c3 c5 6. Bd3 Qc7 7. Ne2 Be7 8. O-O cxd4 9. cxd4 O-O 10. Nb3 b6
11. Be3 Ba6 12. Rc1 Qb7 13. Nc3 Bxd3 14. Qxd3 Nc6 15. a3 Rac8 16. Ne2 f6 17. exf6 gxf6 18. Nf4 e5 19. Nh5 e4 20. Qe2 Kh8
21. Qg4 Rg8 22. Qe6 Nf8 23. Qf7 Qd7 24. Nxf6 Bxf6 25. Qh5 Qg7 26. g3 Qg6 27. Qxd5 Bg7 28. Nd2 Qe6 29. Qxe6 Nxe6 30. d5 Bxb2
31. Rxc6 Rxc6 32. dxc6 Rc8 33. Nxe4 Rxc6 34. Rd1 Rc7 35. Rd6 Ng7
0-1

[Event "Summer's opening"]
[Site "SchemingMind.com"]
[Date "2008.06.10"]
[Round "-"]
[White "Vaidotas"]
[Black "Andreas Flato"]
[Result "1-0"]
[WhiteCountry "LTU"]
[BlackCountry "GER"]
[WhiteElo "1891"]
[WhiteRD "67"]
[BlackElo "1820"]
[BlackRD "63"]
[GameID "158868"]

1. e4 e6 2. d4 d5 3. Nd2 c5 4. exd5 Qxd5 5. Ngf3 cxd4 6. Bc4 Qd8 7. Nb3 Nc6 8. Nbxd4 Nxd4 9. Qxd4 Qxd4 10. Nxd4 Bd7
11. Nb5 Rc8 12. Bd3 a6 13. Nc3 Nf6 14. Bd2 Bd6 15. h3 O-O 16. O-O-O b5 17. Bg5 Bc6 18. Bxf6 gxf6 19. Bxh7+ Kxh7 20. Rxd6 Bxg2
21. Rg1 Bb7 22. Rb6 Rc7 23. a4 bxa4 24. Nxa4 Bc8 25. Rb4 f5 26. Rh4#
1-0

[Event "Summer's opening"]
[Site "SchemingMind.com"]
[Date "2008.06.11"]
[Round "-"]
[White "capablanca"]
[Black "Vaidotas"]
[Result "0-1"]
[WhiteCountry "GER"]
[BlackCountry "LTU"]
[WhiteElo "1789"]
[WhiteRD "61"]
[BlackElo "1904"]
[BlackRD "67"]
[GameID "158869"]

1. e4 c6 2. d4 d5 3. Nc3 dxe4 4. Nxe4 Nf6 5. Nxf6+ gxf6 6. Be3 Bf5 7. Nf3 Nd7 8. Bc4 Qc7 9. Qd2 e6 10. O-O-O O-O-O
11. Qb4 Bxb4
0-1

[Event "Summer's opening"]
[Site "SchemingMind.com"]
[Date "2008.06.15"]
[Round "-"]
[White "calidore"]
[Black "Vaidotas"]
[Result "1/2-1/2"]
[WhiteCountry "ISR"]
[BlackCountry "LTU"]
[WhiteElo "1874"]
[WhiteRD "50"]
[BlackElo "1851"]
[BlackRD "67"]
[GameID "158870"]

1. e4 c6 2. d4 d5 3. exd5 cxd5 4. c3 Nf6 5. Bd3 Nc6 6. Bf4 Qb6 7. Qb3 Qxb3 8. axb3 e6 9. Nf3 Be7 10. O-O Nh5
11. Be3 Bd7 12. Nbd2 O-O 13. b4 Bd6 14. b5 Ne7 15. b3 Nf4 16. Bxf4 Bxf4 17. g3 Bh6 18. c4 a6 19. bxa6 bxa6 20. cxd5 Nxd5
21. Rxa6 Rxa6 22. Bxa6 Nb4 23. Bc4 Ra8 24. Ne5 Bxd2 25. Nxd7 Rd8 26. Rd1 Rxd7 27. Rxd2 Kf8 28. f4= Nc6 29. d5 exd5 30. Bb5 Rd6
31. Bxc6 Rxc6 32. Rxd5 Rb6 33. Rd3 Ke7 34. Kf2 Ke6 35. Ke3 Rb4 36. h3 h5 37. Kd2 h4 38. Kc3 Re4 39. b4 g6 40. b5 hxg3
41. b6 g2 42. Rg3 Kd6 43. Rxg2 Kc6 44. Rb2 Kb7 45. Rb4 Re3+ 46. Kd4 Rxh3 47. Ke5 Rh5+ 48. Kf6 Rf5+ 49. Ke7=
1/2-1/2

[Event "Summer's opening"]
[Site "SchemingMind.com"]
[Date "2008.06.11"]
[Round "-"]
[White "andy146"]
[Black "Vaidotas"]
[Result "0-1"]
[WhiteCountry "POL"]
[BlackCountry "LTU"]
[WhiteElo "1618"]
[WhiteRD "62"]
[BlackElo "1891"]
[BlackRD "67"]
[GameID "158871"]

1. d4 d6 2. c4 g6 3. Nc3 Bg7 4. g3 Nc6 5. Bg2 e5 6. Bxc6+ bxc6 7. e3 Ne7 8. Nf3 Bg4 9. h3 Bxf3 10. Qxf3 Qd7
11. Bd2 exd4 12. exd4 Rb8 13. b3 O-O 14. Ne2 Nf5 15. O-O Rfe8 16. Be3 c5 17. Rad1 Nxe3 18. fxe3 Re7 19. Rfe1 Rbe8 20. Kh2 Rxe3
0-1

[Event "Summer's opening"]
[Site "SchemingMind.com"]
[Date "2008.06.11"]
[Round "-"]
[White "Andreas Flato"]
[Black "Vaidotas"]
[Result "1-0"]
[WhiteCountry "GER"]
[BlackCountry "LTU"]
[WhiteElo "1779"]
[WhiteRD "62"]
[BlackElo "1851"]
[BlackRD "67"]
[GameID "158872"]

1. e4 c6 2. d4 d5 3. e5 Bf5 4. Nf3 e6 5. Bd3 Bg6 6. O-O c5 7. c3 Nc6 8. Be3 Qb6 9. b3 cxd4 10. cxd4 Bxd3
11. Qxd3 Nge7 12. Nc3 Nf5 13. Nxd5 Qd8 14. Nc3 Bb4 15. Ne4 O-O 16. a3 Be7 17. b4 a6 18. Rfd1 Nh4 19. Nxh4 Bxh4 20. Nc5 Rc8
21. Nxb7 Qd5 22. Nd6 Ra8 23. Rac1 Nb8 24. Rc7 Bd8 25. Rc8 Be7 26. Rxf8+ Bxf8 27. Nc4 Ra7 28. h3 Rb7 29. Rc1 Nc6 30. Qc3 Ne7
31. Na5 Rd7 32. Qc4 Qxc4 33. Rxc4 Nf5 34. Nb3 Ne7 35. Kf1 h6 36. Ke2 Nd5 37. Rc8 f6 38. Nc5 Rc7 39. Rxc7 Nxc7 40. exf6 gxf6
41. Kd3 Kf7 42. Kc4 Nd5 43. Bd2 Nb6+ 44. Kb3 a5 45. b5 a4+ 46. Nxa4 Nd5 47. b6 Bd6 48. g3 h5 49. b7 Nb6 50. Nxb6 Ke8
51. Bb4 Bb8 52. Na4 Kd7 53. Nc5+ Kc6 54. Na6 Kxb7 55. Nxb8 Kxb8 56. Be7 f5 57. Kc4
1-0

[Event "Summer's opening"]
[Site "SchemingMind.com"]
[Date "2008.06.11"]
[Round "-"]
[White "smothered mate"]
[Black "capablanca"]
[Result "1-0"]
[WhiteCountry "POL"]
[BlackCountry "GER"]
[WhiteElo "1927"]
[WhiteRD "49"]
[BlackElo "1789"]
[BlackRD "61"]
[GameID "158957"]

1. e4 d5 2. exd5 Qxd5 3. Nc3 Qa5 4. d4 Nf6 5. Nf3 Bg4 6. h3 Bh5 7. g4 Bg6 8. Ne5 e6 9. h4 h6 10. Nxg6 fxg6
11. Qd3 Kf7 12. Bd2 c6 13. g5 Nd5 14. Rh3 Nd7 15. Rf3+ Kg8 16. Qxg6
1-0

[Event "Summer's opening"]
[Site "SchemingMind.com"]
[Date "2008.06.16"]
[Round "-"]
[White "smothered mate"]
[Black "calidore"]
[Result "0-1"]
[WhiteCountry "POL"]
[BlackCountry "ISR"]
[WhiteElo "1926"]
[WhiteRD "48"]
[BlackElo "1867"]
[BlackRD "47"]
[GameID "158958"]

1. e4 Nf6 2. e5 Nd5 3. c4 Nb6 4. d4 d6 5. exd6 cxd6 6. d5 e6 7. Nc3 Be7 8. Bd3 exd5 9. cxd5 N8d7 10. Nf3 Ne5
11. Bc2 Bg4 12. Bf4 Nxf3+ 13. gxf3 Bh5 14. Qe2 O-O 15. O-O-O Rc8 16. Kb1 Bf6 17. Ne4 Re8 18. Rhe1 Bg6 19. Nxf6+ gxf6 20. Qxe8+ Qxe8
21. Rxe8+ Rxe8 22. Bxg6 fxg6 23. Bxd6 Rd8 24. Bc5 Nxd5 25. Kc2 a6 26. Kb3 Kf7 27. Be3 Ke8 28. Rd4 Nc7 29. Re4+ Kf7 30. Bb6 Rd7
31. Rh4 h5 32. Rc4 Nd5 33. Be3 Ke6 34. Re4+ Kf7 35. Rc4 g5 36. Kc2 Re7 37. Kd3 Nxe3= 38. fxe3 f5 39. Rd4 Ke6 40. b4 Rd7
41. Rxd7 Kxd7 42. h3 Kd6 43. Kd4 b5 44. a3 Ke6 45. e4 fxe4 46. Kxe4 Kf6 47. f4 g4 48. h4 Ke6 49. f5+ Kd6 50. Kd4= g3
51. Ke3 Ke5 52. Kf3 Kxf5 53. Kxg3 Ke4
0-1

[Event "Summer's opening"]
[Site "SchemingMind.com"]
[Date "2008.06.11"]
[Round "-"]
[White "smothered mate"]
[Black "Vaidotas"]
[Result "0-1"]
[WhiteCountry "POL"]
[BlackCountry "LTU"]
[WhiteElo "1926"]
[WhiteRD "48"]
[BlackElo "1891"]
[BlackRD "67"]
[GameID "158959"]

1. d4 d6 2. c4 g6 3. Nc3 Bg7 4. Nf3 Nc6 5. e3 e5 6. Be2 a6 7. O-O exd4 8. exd4 Nge7 9. Bg5 O-O 10. Qd2 Bg4
11. Rad1 f6 12. Be3 Nf5 13. d5 Bxf3 14. Bxf3 Ne5 15. Be2 Nxe3 16. fxe3 Bh6 17. Rde1 Qe7 18. Nd1 Rae8 19. Qb4 c5 20. Qb3 Qd7
21. h3 Rb8 22. Bd3 Rbe8 23. Bb1 b5 24. cxb5 axb5 25. e4 Rb8 26. a3 Qa7 27. Kh1 Bd2 28. Re2 c4 29. Qc2 Bh6 30. Nf2 Qd4
31. Rd1 Qc5 32. Ng4 Nxg4 33. hxg4 Qc8 34. e5 fxe5 35. Qe4 Rf4 36. Qc2 Qxg4 37. Re3 Rbf8 38. Rg1 Rf2
0-1

[Event "Summer's opening"]
[Site "SchemingMind.com"]
[Date "2008.06.11"]
[Round "-"]
[White "smothered mate"]
[Black "andy146"]
[Result "1-0"]
[WhiteCountry "POL"]
[BlackCountry "POL"]
[WhiteElo "1927"]
[WhiteRD "49"]
[BlackElo "1622"]
[BlackRD "62"]
[GameID "158960"]

1. e4 e6 2. d4 d5 3. e5 c5 4. c3 Nc6 5. Nf3 Qb6 6. Be2 cxd4 7. cxd4 Bd7 8. O-O Nge7 9. b3 Nf5 10. Bb2 Be7
11. a4 Nb4 12. Nc3 Rc8 13. Qd2 O-O 14. Nb5 a6 15. a5 Qd8 16. Nc3 f6 17. Rfc1 fxe5 18. Nxe5 Bg5 19. f4 Bf6 20. Na4 Bc6
21. Qxb4
1-0

[Event "Summer's opening"]
[Site "SchemingMind.com"]
[Date "2008.06.11"]
[Round "-"]
[White "smothered mate"]
[Black "Andreas Flato"]
[Result "1-0"]
[WhiteCountry "POL"]
[BlackCountry "GER"]
[WhiteElo "1927"]
[WhiteRD "49"]
[BlackElo "1847"]
[BlackRD "66"]
[GameID "158961"]

1. e4 e6 2. d4 d5 3. e5 c5 4. Nf3 Qb6 5. c3 Nc6 6. Be2 Bd7 7. dxc5 Bxc5 8. O-O a5 9. a4 Nge7 10. Na3 Ng6
11. Nc2 Ngxe5 12. Nfd4 O-O 13. Be3 Rab8 14. b4 axb4 15. a5 Qd8 16. Nxc6 Bxc6 17. Bxc5 Re8 18. cxb4 Qd7 19. Nd4 f6 20. b5
1-0

[Event "Summer's opening"]
[Site "SchemingMind.com"]
[Date "2008.06.11"]
[Round "-"]
[White "capablanca"]
[Black "smothered mate"]
[Result "0-1"]
[WhiteCountry "GER"]
[BlackCountry "POL"]
[WhiteElo "1789"]
[WhiteRD "61"]
[BlackElo "1927"]
[BlackRD "49"]
[GameID "158962"]

1. e4 c5 2. Nf3 d6 3. d4 cxd4 4. Nxd4 Nf6 5. Bd3 g6 6. c4 Bg7 7. Nb5 a6 8. N5a3 O-O 9. Nc3 Nc6 10. Be3 Ng4
11. Bd2 Qb6 12. O-O Bd4 13. Na4 Nxf2 14. Nxb6 Nxd1+ 15. Kh1 Bxb6 16. Rfxd1 Ne5 17. Be2 Bg4 18. Bxg4 Nxg4 19. Be1 Rac8 20. h3 Nf2+
21. Bxf2 Bxf2 22. b3 Bg3 23. Kg1 f5 24. exf5 Rxf5 25. Rf1 Rcf8 26. Rxf5 Rxf5 27. Rf1 Ra5 28. Nc2 Rxa2 29. Nd4 Rd2 30. Ne6 h5
31. Rf8+ Kh7 32. Ng5+ Kg7 33. Ne6+= Kh7 34. Kf1 Bh4 35. Rf7+ Kh6 36. Nf8 e5 37. Rh7+ Kg5 38. Rxb7 Rf2+
0-1

[Event "Summer's opening"]
[Site "SchemingMind.com"]
[Date "2008.06.16"]
[Round "-"]
[White "calidore"]
[Black "smothered mate"]
[Result "0-1"]
[WhiteCountry "ISR"]
[BlackCountry "POL"]
[WhiteElo "1867"]
[WhiteRD "47"]
[BlackElo "1926"]
[BlackRD "48"]
[GameID "158963"]

1. e4 c5 2. c3 e6 3. d4 cxd4 4. cxd4 d5 5. e5 Nc6 6. Nf3 Nh6 7. Bxh6 gxh6 8. Nc3 Bg7 9. Nb5 O-O 10. a3 f6
11. exf6 Rxf6 12. Bd3 a6 13. Nc3 Bd7 14. O-O Be8 15. Ne5 Bg6 16. Nxg6 hxg6 17. Re1 Nxd4 18. Qg4 Nf5 19. Bxf5 gxf5 20. Qb4 Qd7
21. Ne2 e5 22. Rac1 Re8 23. Qa5 Rc6 24. Red1 d4 25. Nc3 Qc8 26. Ne2 d3 27. Qd5+ Kh8 28. Rxc6 Qxc6 29. Qxd3 e4 30. Qb3 Rc8
31. h3 b5 32. Rc1 Qd7 33. Rxc8+= Qxc8 34. g3 Qc4 35. Qxc4= bxc4 36. Nc3 Bd4 37. Kf1 Kg7 38. Ke2 Kf6 39. f3 Ke5 40. fxe4 Bxc3
41. bxc3 Kxe4 42. a4 a5
0-1

[Event "Summer's opening"]
[Site "SchemingMind.com"]
[Date "2008.06.12"]
[Round "-"]
[White "Vaidotas"]
[Black "smothered mate"]
[Result "0-1"]
[WhiteCountry "LTU"]
[BlackCountry "POL"]
[WhiteElo "1816"]
[WhiteRD "71"]
[BlackElo "1877"]
[BlackRD "53"]
[GameID "158964"]

1. e4 c5 2. Nc3 e6 3. Nf3 Nc6 4. Bb5 Qc7 5. O-O Nf6 6. Re1 d6 7. e5 Nd7 8. exd6 Bxd6 9. Ne4 Be7 10. d3 a6
11. Bxc6 Qxc6 12. Bf4 O-O 13. Qe2 Nf6 14. Rad1 Nd5 15. Bc1 b6 16. d4 Bb7 17. dxc5 bxc5 18. Ne5 Qc7 19. Ng5 Bxg5 20. Bxg5 f6
21. Nf3 fxg5 22. Qxe6+ Qf7 23. Nxg5 Qxe6 24. Nxe6 Rfc8 25. c3 Nf6 26. f3 Rc6 27. Nd8 Rb6 28. Nxb7 Rxb7 29. Re2 Rab8 30. Rdd2 Nd7
31. Re7 Nb6 32. Rxb7 Rxb7 33. b3 Rd7 34. Rxd7 Nxd7 35. Kf2 Kf7 36. Ke3 Kf6 37. b4 Ke5 38. Kd3 cxb4 39. cxb4 Kd5 40. a4 Ne5+
41. Kc3 Ng6 42. b5 axb5 43. axb5 Kc5 44. Kd3 Kxb5 45. Ke4 Kc4 46. f4 Ne7 47. g3 Kc5 48. Ke5 Ng8 49. Ke6 Nh6 50. h3 Kd4
51. g4 Ke4 52. f5 Kf4 53. f6 gxf6 54. Kxf6 Nxg4+ 55. Kg7 h5 56. Kg6 Nf6 57. Kxf6 Kg3 58. Kg5 h4
0-1

[Event "Summer's opening"]
[Site "SchemingMind.com"]
[Date "2008.06.11"]
[Round "-"]
[White "andy146"]
[Black "smothered mate"]
[Result "0-1"]
[WhiteCountry "POL"]
[BlackCountry "POL"]
[WhiteElo "1618"]
[WhiteRD "62"]
[BlackElo "1926"]
[BlackRD "48"]
[GameID "158965"]

1. d4 Nf6 2. c4 e6 3. Nf3 d5 4. Bg5 Nbd7 5. e3 h6 6. Bxf6 Nxf6 7. cxd5 exd5 8. Be2 c5 9. dxc5 Bxc5 10. O-O O-O
11. Nc3 a6 12. Rc1 Ba7 13. Nd4 Be6 14. Bf3 Qd7 15. Qb3 Rad8 16. Rfd1 Rfe8 17. a4 Bg4 18. Bxg4 Nxg4 19. Nce2 Qd6 20. g3 Qf6
21. Rf1 Rd7 22. Qd3 Re4 23. Rc8+ Rd8 24. Rxd8+ Qxd8 25. Qc3 h5 26. h3 Nf6 27. Rc1 Re8 28. Qc7 Qa8 29. b4 Ne4 30. Qd7 Rd8
31. Qf5 g6 32. Qf4 Bb8 33. Qh6 Be5 34. Kg2 Qb8 35. Nf4 Bg7
0-1

[Event "Summer's opening"]
[Site "SchemingMind.com"]
[Date "2008.06.12"]
[Round "-"]
[White "Andreas Flato"]
[Black "smothered mate"]
[Result "1-0"]
[WhiteCountry "GER"]
[BlackCountry "POL"]
[WhiteElo "1847"]
[WhiteRD "66"]
[BlackElo "1927"]
[BlackRD "49"]
[GameID "158966"]

1. e4 c5 2. Nf3 d6 3. d3 Nc6 4. Be2 g6 5. O-O Bg7 6. h3 Nf6 7. Nc3 O-O 8. Bf4 Nd7 9. Qd2 Re8 10. Bh6 Bh8
11. Ng5 Nf8 12. f4 Nd4 13. Bg4 Bxg4 14. hxg4 Nfe6 15. Nxe6 Nxe6 16. f5 Bd4+ 17. Kh2 Ng7 18. Rab1 e6 19. g3 exf5 20. gxf5 gxf5
21. exf5 Qf6 22. Nd5 Re2+ 23. Qxe2 Qxh6+ 24. Kg2 Re8 25. Qd1 Re5 26. c4 Qg5 27. Rf4 h5 28. Qf3 Nxf5 29. Rxf5 Rxf5 30. Qxf5 Qd2+
31. Kh3 Qe2 32. Rf1
1-0